000 00346 a2200157 4500
001 59786
020 _a978352217870
040 _cAnchieta - Pituba
100 _aBarth-Grözinger, Inge
240 1 0 _aBeeren-sommer
_lpor
245 1 0 _aBeeren-sommer
300 _a587
362 0 _a2006
650 4 _aLiteratura juvenil em alemão
942 _cBK
999 _c59786
_d59786